Statistiken für Deutsche Filme

Klicken Sie hier um das Quiz zu spielen!

Allgemein

  • Dieses Quiz wurde 728 mal gespielt
  • Das Durchschnittsergebnis liegt bei 10 aus 20

Antwortstatistiken

JahrHinweisFilm% Korrekt
2013Bankräuber wird als Aushilfslehrer eingestellt und muss eine chaotische Klasse unterrichtenFack ju Göhte
85%
2001Westernparodie um Apachenhäuptling und weißen SüdstaatlerDer Schuh des Manitu
84%
2003Fußballbegeisterte Jungs wollen ihren Bolzplatz zurückgewinnenDie wilden Kerle
80%
2003WM-Finale 1954Das Wunder von Bern
73%
1981Biografisches Drama um drogenabhängige Jugendliche im Berlin der 70er-JahreChristiane F. – Wir Kinder vom Bahnhof Zoo
71%
2008Ein Sozialexperiment eines Lehrers gerät außer KontrolleDie Welle
71%
2014Ehemaliger Tierarzt leider unter AlzheimerHonig im Kopf
54%
1985Ein junger Ostfriese wird in der großen Stadt von einem Kredithai abgezocktOtto - Der Film
54%
1981U 96Das Boot
49%
1998Rothaarige Frau muss ihrem Freund rechtzeitig Geld bringen um ihn zu rettenLola rennt
48%
1984Der 10-jährige Bastian reist nach Phantásien und muss das Land rettenDie unendliche Geschichte
46%
2003Ihrer Mutter zuliebe muss eine Ost-Berliner Familie nach dem Mauerfall den Schein der DDR aufrechterhaltenGoodbye Lenin
45%
2004Die letzten Tage Adolf Hitlers werden, teilweise aus der Sicht seiner Sekretärin, beleuchtetDer Untergang
41%
2006Stasi-Hauptmann soll einen Schriftsteller überwachenDas Leben der Anderen
33%
1979Der Junge Oskar beschließt an seinem dritten Geburtstag nicht mehr zu wachsenDie Blechtrommel
33%
1990Comiczeichner muss einen König zum Lachen bringenWerner - Beinhart!
30%
1927Expressionistischer Stummfilm über eine futuristische ZweiklassengesellschaftMetropolis
28%
1988Komödie um den Möbelhändler Paul Winkelmann, gespielt von LoriotÖdipussi
23%
1962Noch vor dem "1.Teil" sind Winnetou und Old Shatterhand im Wilden Westen unterwegsDer Schatz im Silbersee
22%
1987Zwei Engel beobachten die deutsche Hauptstadt, jedoch ohne eingreifen zu könnenDer Himmel über Berlin
18%

Verteilung der Resultate

Perzentil nach korrekt beantworteten Fragen

Anzahl Personen mit jedem Resultat

Ihre Resultats-Entwicklung

Sie haben dieses Quiz noch nicht gespielt